[Event "Dortmund ABC Aufstreber 18th"]
[Site "Dortmund"]
[Date "2002.12.06"]
[Round "13"]
[White "Wengelnik, Erwin"]
[Black "Schoenfelder, Frank"]
[Result "0-1"]
[WhiteElo "1385"]
[BlackElo "1400"]
[PlyCount "44"]
[EventDate "2002.10.11"]
[EventType "tourn"]
[EventRounds "13"]
[EventCountry "GER"]
[SourceTitle "EXT 2004"]
[Source "ChessBase"]
[SourceDate "2003.11.25"]
[SourceVersion "1"]
[SourceVersionDate "2003.11.25"]
[SourceQuality "1"]

1. Nf3 e6 2. d4 b6 3. g3 Bb7 4. Bg2 c5 5. c3 Nf6 6. Nbd2 Nc6 7. e3 Ba6 8. dxc5 bxc5 9. a3 Rb8 10. b4 Be7 11. Qc2 0-0 12. e4 Qc7 13. Bf1 Bxf1 14. Nxf1 Ne5 15. Bf4 Nxf3+ 16. Ke2 e5 17. Be3 cxb4 18. axb4 Rxb4 19. Kxf3 Nxe4 20. Rc1 Rc4 21. Qb1 Qc6 22. Kg4 Nxc3+ 0-1

[Event "Dortmund ABC Aufstreber 18th"]
[Site "Dortmund"]
[Date "2002.11.29"]
[Round "11"]
[White "Schoenfelder, Frank"]
[Black "Huebel, Carsten"]
[Result "1-0"]
[WhiteElo "1400"]
[BlackElo "1425"]
[PlyCount "47"]
[EventDate "2002.10.11"]
[EventType "tourn"]
[EventRounds "13"]
[EventCountry "GER"]
[SourceTitle "EXT 2004"]
[Source "ChessBase"]
[SourceDate "2003.11.25"]
[SourceVersion "1"]
[SourceVersionDate "2003.11.25"]
[SourceQuality "1"]

1. e4 e5 2. Nf3 Nc6 3. Bc4 Nf6 4. d3 Be7 5. Nc3 0-0 6. 0-0 d6 7. h3 Bd7 8. Nh2 a6 9. a3 Qc8 10. f4 h6 11. f5 Nd4 12. Nd5 Nxd5 13. Bxd5 c6 14. Ba2 Bf6 15. a4 c5 16. c3 Nc6 17. Ng4 Qd8 18. Bxh6 gxh6 19. Nxh6+ Kh7 20. Qh5 Kg7 21. Nxf7 Rxf7 22. Qg6+ Kh8 23. Bxf7 Bg7 24. Qh5+ 1-0

[Event "Dortmund ABC Aufstreber 18th"]
[Site "Dortmund"]
[Date "2002.10.23"]
[Round "4"]
[White "Krueger, Inge"]
[Black "Schoenfelder, Frank"]
[Result "1/2-1/2"]
[WhiteElo "1306"]
[BlackElo "1400"]
[PlyCount "64"]
[EventDate "2002.10.11"]
[EventType "tourn"]
[EventRounds "13"]
[EventCountry "GER"]
[SourceTitle "EXT 2004"]
[Source "ChessBase"]
[SourceDate "2003.11.25"]
[SourceVersion "1"]
[SourceVersionDate "2003.11.25"]
[SourceQuality "1"]

1. d4 e6 2. c4 b6 3. Nc3 Bb7 4. e3 Nf6 5. Nf3 d5 6. cxd5 Nxd5 7. Bd2 Nd7 8. Be2 c5 9. 0-0 Be7 10. Rc1 0-0 11. Nxd5 Bxd5 12. b3 Nf6 13. Bc4 Bxf3 14. Qxf3 cxd4 15. exd4 Qxd4 16. Bc3 Qc5 17. Rfe1 Rfd8 18. Bxf6 Bxf6 19. Bxe6 Qa3 20. Bd5 Rac8 21. Rxc8 Rxc8 22. Bxf7+ Kf8 23. Bc4 Re8 24. Rxe8+ Kxe8 25. Qc6+ Ke7 26. Qc7+ Ke8 27. Qf7+ Kd8 28. g3 Qxa2 29. Bb5 Qb1+ 30. Kg2 Qe4+ 31. Kf1 Qh1+ 32. Ke2 Qe4+ 1/2-1/2

[Event "Dortmund ABC Aufstreber 18th"]
[Site "Dortmund"]
[Date "2002.10.09"]
[Round "1"]
[White "Schoenfelder, Frank"]
[Black "Wolff, Holger"]
[Result "0-1"]
[WhiteElo "1400"]
[BlackElo "1493"]
[PlyCount "38"]
[EventDate "2002.10.11"]
[EventType "tourn"]
[EventRounds "13"]
[EventCountry "GER"]
[SourceTitle "EXT 2004"]
[Source "ChessBase"]
[SourceDate "2003.11.25"]
[SourceVersion "1"]
[SourceVersionDate "2003.11.25"]
[SourceQuality "1"]

1. e3 Nf6 2. b3 c5 3. Bb2 Nc6 4. Nf3 d5 5. d4 e6 6. c4 Bd7 7. Nc3 cxd4 8. cxd5 dxc3 9. dxc6 cxb2 10. cxd7+ Qxd7 11. Qxd7+ Nxd7 12. Rb1 Bb4+ 13. Nd2 Rc8 14. Kd1 Nf6 15. Bb5+ Ke7 16. Rxb2 Rhd8 17. Ke2 Rxd2+ 18. Rxd2 Bxd2 19. Kxd2 Ne4+ 0-1